000 00455nab a2200145Ia 4500
003 ES-SlBCS
005 20210601132857.0
008 140529s1971 xxu||||| |||| 00| 0 ita d
041 _aita
100 1 _aCapecci, Angelo
_9199730
245 0 0 _aSulle implicazioni filosofiche del pensiero galileiano
_c Angelo Capecci
600 1 4 _aGalilei, Galileo
_9131312
773 0 _tGiornali di Metafisica
_gvol. 26, nº. 1, 1971, págs. 53-78
_w0017-0372
942 _cAR
999 _c587067
_d587067